2016 Republican Presidential Candidates - Statistics

General Stats
  • This quiz has been taken 273 times
    224 since last reset
  • The average score is 5 of 6
Answer Stats
Hint Candidate % Correct
CEO of The Trump Organization Donald Trump
99%
U.S. Senator from Texas since 2013 Ted Cruz
94%
U.S. Senator from Florida since 2011 Marco Rubio
91%
Former Florida Governor Jeb Bush
89%
a Former Director of Pediatric Neurosurgery Ben Carson
86%
Governor of Ohio John Kasich
80%
No matching quizzes found
Score Distribution
Percent of People with Each Score
Percentile by Number Answered
Your Score History
You have not taken this quiz since the last reset